|
|
|
|
| LEADER |
00000nab a2200000 a 4500 |
| 001 |
vtls000585348 |
| 003 |
SK-MaSNL |
| 005 |
20260303011432.0 |
| 008 |
120930c1994 xo 0 slo |
| 015 |
|
|
|a SNBRA19rr/mm-uuuuu
|
| 035 |
|
|
|a CL0585487
|
| 040 |
|
|
|a SNKBUCL
|b slo
|c SNKBUCL
|e AACR2
|
| 041 |
0 |
|
|a slo
|
| 044 |
|
|
|a xo
|c SK
|
| 080 |
|
|
|a 628.512:621.928.9:504.3.064.4
|2 1981
|
| 080 |
|
|
|a 621.928.9
|2 1981
|
| 080 |
|
|
|a 504.3.064.4
|2 1981
|
| 100 |
1 |
|
|a Hočunda, Peter
|4 aut
|9 990035
|
| 245 |
1 |
0 |
|a Súčasný stav a trendy vývoja technických zariadení na ochranu ovzdušia
|c Peter Hočunda
|
| 650 |
0 |
7 |
|a odlučovače
|2 snkbucl
|9 986446
|
| 655 |
|
7 |
|a články zo zborníkov
|2 snkbucl
|9 166140
|
| 773 |
0 |
|
|t EKOTECH '94
|d Bratislava : Dom techniky ZSVTS, 1994
|g S. 10-15
|z 8023303066
|
| 850 |
|
|
|a Slovenská národná knižnica v Martine
|a MTA001
|
| 852 |
|
|
|a SNK
|b KIS3GCP
|
| 958 |
|
|
|a RK
|
| 992 |
|
|
|a RZB
|
| 999 |
|
|
|c 1592076
|d 1594006
|